header

Taking the group seriously (Record no. 705)

MARC details
000 -LEADER
fixed length control field 01358nam a2200337 a 4500
082 04 - DEWEY DECIMAL CLASSIFICATION NUMBER
Classification number 616.89/152
100 1# - MAIN ENTRY--AUTHOR NAME
Personal name Dalal, Farhad.
245 10 - TITLE STATEMENT
Title Taking the group seriously
260 ## - PUBLICATION, DISTRIBUTION, ETC. (IMPRINT)
Place of publication London ;
-- Philadelphia :
Name of publisher J. Kingsley,
Year of publication 1998.
300 ## - PHYSICAL DESCRIPTION
Number of Pages 239 p. :
Other physical details ill.
490 1# - SERIES STATEMENT
Series statement International library of group analysis ;
650 #0 - SUBJECT ADDED ENTRY--TOPICAL TERM
Topical Term Psychoanalytic counseling.
Topical Term Group counseling.
Topical Term Psychoanalysis.
856 40 - ELECTRONIC LOCATION AND ACCESS
Uniform Resource Identifier http://site.ebrary.com/lib/rucke/Doc?id=5004022

No items available.

© 2026 Rongo University
Contact us: librarian | system librarian | Rongo university